Statistics for Roblox Piggy Chapters Quiz

Click here to take the quiz!

General Stats

  • This quiz has been taken 44 times
  • The average score is 12 of 13

Answer Stats

Answer% Correct
House
100%
School
100%
Carnival
97%
Hospital
97%
Mall
97%
Gallery
94%
Forest
91%
Metro
91%
Outpost
91%
Station
91%
City
88%
Distorted Memory
81%
Plant
81%

Score Distribution

Percentile by Number Answered

Percent of People with Each Score

Your Score History

You have not taken this quiz